<?xml version="1.0" encoding="UTF-8"?>
<record
    xmlns:xsi="http://www.w3.org/2001/XMLSchema-instance"
    xsi:schemaLocation="http://www.loc.gov/MARC21/slim http://www.loc.gov/standards/marcxml/schema/MARC21slim.xsd"
    xmlns="http://www.loc.gov/MARC21/slim">

  <leader>01058nam a2200301 i 4500</leader>
  <controlfield tag="001">normy2004</controlfield>
  <controlfield tag="003">BPK</controlfield>
  <controlfield tag="005">20140611114229.0</controlfield>
  <controlfield tag="008">121231s        pl a   f u   |000 0 pol  </controlfield>
  <datafield tag="040" ind1=" " ind2=" ">
    <subfield code="c">BPK</subfield>
  </datafield>
  <datafield tag="041" ind1=" " ind2=" ">
    <subfield code="a">pl</subfield>
  </datafield>
  <datafield tag="084" ind1=" " ind2=" ">
    <subfield code="a">ICS 91.100.15</subfield>
  </datafield>
  <datafield tag="245" ind1=" " ind2=" ">
    <subfield code="a">Kamie&#x144; do rob&#xF3;t hydrotechnicznych.</subfield>
    <subfield code="n">Cz. 1,</subfield>
    <subfield code="p">Wymagania.</subfield>
  </datafield>
  <datafield tag="246" ind1=" " ind2=" ">
    <subfield code="a">PN-EN 13383-1:2003</subfield>
  </datafield>
  <datafield tag="246" ind1=" " ind2=" ">
    <subfield code="a">PN-EN 13383-1:2003/AC</subfield>
  </datafield>
  <datafield tag="250" ind1=" " ind2=" ">
    <subfield code="a">Zatwierdzono: 2003.09.12</subfield>
  </datafield>
  <datafield tag="260" ind1=" " ind2=" ">
    <subfield code="a">Warszawa :</subfield>
    <subfield code="b">Polski Komitet Normalizacyjny</subfield>
  </datafield>
  <datafield tag="500" ind1=" " ind2=" ">
    <subfield code="a">Wprowadza: EN 13383-1:2002</subfield>
  </datafield>
  <datafield tag="500" ind1=" " ind2=" ">
    <subfield code="a">Zast&#x119;puje: PN-EN 13383-1:2002 (U)</subfield>
  </datafield>
  <datafield tag="520" ind1=" " ind2=" ">
    <subfield code="a">Podano w&#x142;a&#x15B;ciwo&#x15B;ci kruszyw uzyskiwanych w wyniku procesu naturalnego, przemys&#x142;owego lub recyklingu materia&#x142;&#xF3;w oraz mieszanek tych materia&#x142;&#xF3;w, stosowanych jako kamie&#x144; do rob&#xF3;t hydrotechnicznych.</subfield>
  </datafield>
  <datafield tag="653" ind1=" " ind2=" ">
    <subfield code="a">kruszywa budowlane</subfield>
  </datafield>
  <datafield tag="653" ind1=" " ind2=" ">
    <subfield code="a">kamie&#x144;</subfield>
  </datafield>
  <datafield tag="653" ind1=" " ind2=" ">
    <subfield code="a">roboty hydrotechniczne</subfield>
  </datafield>
  <datafield tag="710" ind1=" " ind2=" ">
    <subfield code="a">KT nr 108 ds. Kruszyw i Kamienia Budowlanego</subfield>
  </datafield>
  <datafield tag="780" ind1=" " ind2=" ">
    <subfield code="t">PN-EN 13383-1:2002 (U)</subfield>
  </datafield>
  <datafield tag="942" ind1=" " ind2=" ">
    <subfield code="c">NR</subfield>
  </datafield>
  <datafield tag="952" ind1=" " ind2=" ">
    <subfield code="0">0</subfield>
    <subfield code="1">0</subfield>
    <subfield code="4">0</subfield>
    <subfield code="7">1</subfield>
    <subfield code="a">BPK</subfield>
    <subfield code="b">BPK</subfield>
    <subfield code="c">c</subfield>
    <subfield code="d">2013-02-02</subfield>
    <subfield code="o">PN-EN 13383-1</subfield>
    <subfield code="p">PNS1059</subfield>
    <subfield code="w">2013-02-02</subfield>
    <subfield code="y">NR</subfield>
  </datafield>
  <datafield tag="998" ind1=" " ind2=" ">
    <subfield code="c">rk</subfield>
    <subfield code="d">2004.04.14</subfield>
  </datafield>
  <datafield tag="999" ind1=" " ind2=" ">
    <subfield code="c">63366</subfield>
    <subfield code="d">63366</subfield>
  </datafield>
  <datafield tag="856" ind1=" " ind2=" ">
    <subfield code="u">http://koha.tu.koszalin.pl/cgi-bin/koha/opac-detail.pl?biblionumber=63366</subfield>
    <subfield code="y">Katalog online BPK</subfield>
  </datafield>
</record>
